| Record ID | ia:extraordinarypeo0000unse |
| Source | Internet Archive |
| Download MARC XML | https://archive.org/download/extraordinarypeo0000unse/extraordinarypeo0000unse_marc.xml |
| Download MARC binary | https://www.archive.org/download/extraordinarypeo0000unse/extraordinarypeo0000unse_meta.mrc |
LEADER: 01884cam 2200457I 4500
001 ocm00398639
003 OCoLC
005 20200319152515.0
008 720905s1965 nyu 000 0deng d
010 $a 65014656
040 $aWSU$beng$cWSU$dOCL$dOCLCQ$dOCLCG$dTJX$dDEBBG$dNNM$dOCLCQ$dVXI$dOCLCF$dOCLCO$dOCLCQ$dCNUTO$dGILDS$dJDP$dOCL$dOCLCO$dCBA$dOCLCO$dOCL$dOCLCA$dOCLCQ$dOCLCO
019 $a978201608
035 $a(OCoLC)398639$z(OCoLC)978201608
043 $ae-uk---
050 4 $aDA28$b.P4 1965a
082 04 $a920.042$bA67e
084 $aHN 6721$2rvk
084 $aHN 6727$2rvk
100 1 $aPearson, Hesketh,$d1887-1964.
245 10 $aExtraordinary people.
250 $a1st ed.
260 $aNew York,$bHarper & Row$c[1965]
300 $a267 pages
336 $atext$btxt$2rdacontent
337 $aunmediated$bn$2rdamedia
338 $avolume$bnc$2rdacarrier
520 $aCharacter sketches of ten men and one woman the biographer thought interesting for their oddness. Two of the author's short essays are included.
505 0 $aHenry Fielding -- Rev. Samuel Ogden -- Dr. Erasmus Darwin -- Anna Seward -- Thomas Day -- Thomas Paine -- Sir Francis Galton -- Wilkie Collins -- Sir Johnston Forbes-Robertson -- Frank Harris -- Bernard Shaw.
583 $acommitment to retain$c20151208$2pda$5OTUTLD
651 0 $aGreat Britain$vBiography.
651 7 $aGreat Britain.$2fast$0(OCoLC)fst01204623
655 7 $aBiographies.$2fast$0(OCoLC)fst01919896
655 4 $aBiography.
655 7 $aBiographies.$2lcgft
776 08 $iOnline version:$aPearson, Hesketh, 1887-1964.$tExtraordinary people.$b1st ed.$dNew York, Harper & Row [1965]$w(OCoLC)654987173
029 1 $aAU@$b000027740607
029 1 $aDEBBG$bBV003390367
029 1 $aHEBIS$b050087851
029 1 $aZWZ$b014989212
994 $aZ0$bP4A
948 $hNO HOLDINGS IN P4A - 502 OTHER HOLDINGS